Loading...
| Literature - European | 0 | 6 | 0 | 2 | 60 | 95 | 119.67 | 1 | 6 | 0.00 | 0.00 |
| History - American | 0 | 4 | 0 | 3 | 40 | 109 | 122.25 | 2 | 4 | 0.00 | 0.00 |
| History - World | 0 | 4 | 2 | 3 | 30 | 99 | 125.25 | 1 | 4 | 0.00 | 0.00 |
| Fine Arts - Other | 0 | 4 | 2 | 0 | 30 | 94 | 115.75 | 2 | 4 | 0.00 | 0.00 |
| Fine Arts - Classical Music | 0 | 3 | 1 | 0 | 25 | 95 | 113.33 | 1 | 3 | 0.00 | 0.00 |
| Philosophy | 0 | 3 | 1 | 0 | 25 | 101 | 109.67 | 3 | 3 | 0.00 | 0.00 |
| Literature - American | 0 | 2 | 0 | 0 | 20 | 94 | 104.00 | 2 | 2 | 0.00 | 0.00 |
| Literature - World | 0 | 2 | 0 | 0 | 20 | 94 | 106.50 | 1 | 2 | 0.00 | 0.00 |
| History - Other | 0 | 2 | 1 | 1 | 15 | 113 | 125.00 | 1 | 2 | 0.00 | 0.00 |
| Literature - British | 0 | 2 | 1 | 0 | 15 | 100 | 102.00 | 0 | 2 | 0.00 | 0.00 |
| Social Science | 0 | 1 | 0 | 0 | 10 | 112 | 112.00 | 0 | 1 | 0.00 | 0.00 |
| Fine Arts - Painting and Sculpture | 0 | 2 | 2 | 1 | 10 | 121 | 135.00 | 0 | 2 | 0.00 | 0.00 |
| Mythology | 0 | 1 | 0 | 0 | 10 | 150 | 150.00 | 0 | 1 | 0.00 | 0.00 |
| Science - Biology | 0 | 1 | 0 | 1 | 10 | 102 | 102.00 | 0 | 1 | 0.00 | 0.00 |
| Current Events | 0 | 1 | 0 | 1 | 10 | 95 | 95.00 | 1 | 1 | 0.00 | 0.00 |
| History - European | 0 | 2 | 3 | 1 | 5 | 80 | 104.00 | 0 | 2 | 0.00 | 0.00 |
| Religion | 0 | 1 | 2 | 1 | 0 | 126 | 126.00 | 0 | 1 | 0.00 | 0.00 |
| Science - Other | 0 | 0 | 0 | 0 | 0 | 0.00 | 0 | 0 | 0.00 | 0.00 | |
| Science - Chemistry | 0 | 0 | 1 | 0 | -5 | 0.00 | 0 | 0 | 0.00 | 0.00 | |
| Geography | 0 | 0 | 1 | 0 | -5 | 0.00 | 0 | 0 | 0.00 | 0.00 |